(Khmer) grandson of banana tree / (Record no. 49909)
| 000 -LEADER | |
|---|---|
| fixed length control field | 00264nam a22000977a 4500 |
| 008 - FIXED-LENGTH DATA ELEMENTS--GENERAL INFORMATION | |
| fixed length control field | 251210b |||||||| |||| 00| 0 eng d |
| 245 ## - TITLE STATEMENT | |
| Title | (Khmer) grandson of banana tree / |
| Statement of responsibility, etc | Ung Leang Kim. |
| 260 ## - PUBLICATION, DISTRIBUTION, ETC. (IMPRINT) | |
| Place of publication, distribution, etc | Cambodia: |
| Date of publication, distribution, etc | 2006. |
| 300 ## - PHYSICAL DESCRIPTION | |
| Extent | 46 p. |
| Dimensions | 20 cm. |
| 942 ## - ADDED ENTRY ELEMENTS (KOHA) | |
| Source of classification or shelving scheme | |
| Item type | Book |
| Withdrawn status | Lost status | Source of classification or shelving scheme | Damaged status | Not for loan | Collection code | Home library | Current library | Date acquired | Total Checkouts | Full call number | Barcode | Date last seen | Price effective from | Koha item type |
|---|---|---|---|---|---|---|---|---|---|---|---|---|---|---|
| Siem Riep | Asian Hope Siem Reap | Asian Hope Siem Reap | 12/10/2025 | KHMER FIC KIM | 209681 | 12/10/2025 | 12/10/2025 | Book |